MARC

LEADER 00000nam0a2200000 4500
001 281524
005 20231101235417.0
020 |a RU  |b 86-75840 
035 |a (RuTPU)RU\TPU\book\305308 
090 |a 281524 
100 |a 20150123d1986 k y0rusy5003 ca 
101 0 |a rus 
102 |a RU 
105 |a a z 001zy 
200 1 |a Научные основы механизации горных работ  |e сборник научных трудов  |f Академия наук СССР (АН СССР), Сибирское отделение (СО), Институт горного дела (ИГД) ; отв. ред. А. Д. Костылев 
210 |a Новосибирск  |c Изд-во ИГД  |d 1986 
215 |a 94 с.  |c ил. 
320 |a Библиогр. в конце ст. 
606 1 |a Горные машины  |x Механика  |2 stltpush  |3 (RuTPU)RU\TPU\subj\7855  |9 35380 
610 1 |a горные работы 
610 1 |a механизация 
610 1 |a вибрационные машины 
610 1 |a технологические нагрузки 
610 1 |a исследования 
610 1 |a эксплуатация 
675 |a 622.002.5  |z rus  |v 3 
702 1 |a Костылев  |b А. Д.  |g Александр Дмитриевич  |4 340 
712 0 2 |a Академия наук СССР (АН СССР)  |b Сибирское отделение (СО)  |b Институт горного дела (ИГД)  |c (Новосибирск)  |2 stltpush  |3 (RuTPU)RU\TPU\col\11352 
801 0 |a RU  |b RuMRKP  |c 19960705  |g psbo 
801 1 |a RU  |b 63413507  |c 20150123 
801 2 |a RU  |b 63413507  |c 20170609  |g RCR 
942 |c BK